La proteccin̤ jurd̕ico-laboral de la mujer luces y sombras /

Detalles Bibliográficos
Autor principal: Rodrg̕uez Escanciano, Susana
Formato: Desconocido
Lenguaje:español
Publicado: Barcelona : Cedecs, 2002
Colección:Derecho del Trabajo (Cedecs Editorial)
Materias:
Acceso en línea:Acceso restringido

MARC

LEADER 00000ny a22000003n 4500
005 20110531145946.0
008 030217s2002 sp s 000 0 spa c
017 |a D.L. B.9637-2002 
020 |a 8495665115 
035 |a 330 
040 |a UMA.RE  |d vLex 
040 |a UMA.RLB  |d vLex 
080 |a 331.101.21:349.2-055.2 
080 |a 331.101.24:349.2-055.2 
080 |a 349.2-055.2:331.101.21 
080 |a 349.2-055.2:331.101.24 
090 |c 391  |d 391 
100 1 |a Rodrg̕uez Escanciano, Susana 
245 1 3 |a La proteccin̤ jurd̕ico-laboral de la mujer  |h [Recurso electrn̤ico]  |b luces y sombras /  |c Susana Rodrg̕uez Escanciano 
256 |a Servicio en ln̕ea 
260 |a Barcelona :  |b Cedecs,  |c 2002 
300 |a 431 p. ;  |c 24 cm 
490 1 |a Derecho del Trabajo 
504 |a Bibliogr.: p. 369-431 
506 1 |a Contenido solo disponible en los productos indicados  |d vLex Global  |d vLex Global (Academic Edition, excluding Law Schools)  |d vLex Global (U.S. Academic Edition, Law Schools)  |d vLex Global (U.S. Academic Edition, excluding Law Schools)  |d vLex Global (Academic Edition, Law Schools) 
650 0 7 |a Laboral  |2 Tesauro vLex 
650 0 7 |a Mujeres trabajadoras  |2 Tesauro vLex 
650 0 7 |a Derechos en la relacin̤ de trabajo  |2 Tesauro vLex 
650 0 7 |a De la mujer trabajadora  |2 Tesauro vLex 
740 0 |a vLex Libros (Servicios en ln̕ea) 
830 0 |a Derecho del Trabajo (Cedecs Editorial) 
856 4 0 |u http://vlex.com/source/330  |z Acceso restringido 
942 |c BOOK 
999 0 |a Work women  |b Barcelona